| 000 | 00443nam a2200157Ia 4500 | ||
|---|---|---|---|
| 008 | 220216s9999 xx 000 0 und d | ||
| 100 | _aWillmerdiing G | ||
| 245 | 0 | _aStudy of the ageing of passenger car tyres | |
| 260 |
_bKautschuk Gummi Kunststoffe _c2002 |
||
| 300 | _a169-174 | ||
| 650 | _aStatic and dynamic steel cord rubber adhesion | ||
| 650 | _aStructural durability | ||
| 650 | _aTyre ageing | ||
| 700 | _aSeitz N | ||
| 942 | _cJS | ||
| 999 |
_c69796 _d69796 |
||